Homofobia: el límite de la razón y la falsa promesa igualitaria

Guardat en:
Dades bibliogràfiques
Autor principal: Gamboa, César Andrés (Autor)
Format: Llibre
Idioma:espanyol
Publicat: Santiago Iskander Servicios Editoriales Ltda 2015
Edició:1a. ed
Matèries:
Etiquetes: Afegir etiqueta
Sense etiquetes, Sigues el primer a etiquetar aquest registre!

MARC

LEADER 00000cam a2200000 a 4500
001 UCC5954
003 CL-VaPUC
008 181109e20150000cl |||||||||||||||||spa|d
020 |a 9789569716003 
082 0 4 |a 306.766  |b GAM  |2 21 
100 0 |a Gamboa, César Andrés  |e author  |9 600399 
245 1 0 |a Homofobia: el límite de la razón y la falsa promesa igualitaria 
250 |a 1a. ed 
300 |a 157 p 
942 |c BK 
945 |d 20181109 15:19:00  |a dcastane 
260 |a Santiago  |b Iskander Servicios Editoriales Ltda  |c 2015 
650 7 |a HOMOFOBIA  |2 CL-VaPUC  |9 591024 
650 0 |a Sexualidad  |9 358183 
650 0 |a Violencia  |9 255411 
583 |a last modification  |c 20181109 15:19:00  |k Rodrigo Vera 
999 |c 373057  |d 373055 
952 |0 0  |1 0  |3 erb  |4 0  |6 306_766000000000000_GAM_2015  |7 0  |8 A  |9 490972  |a BIBCUR  |b BIBCUR  |i 5511917  |o 306.766 GAM 2015  |p 5511917  |r 2025-04-22  |w 2019-11-24  |y BK  |z Catalogado en:20181109  |k PER